000 00309 a2200157 4500
001 162632
020 _a
040 _cMagnum
100 _aWerneck, Leny
240 1 0 _aAdeus, computador !
_lpor
245 1 0 _aAdeus, computador !
362 0 _a1899
440 1 _aLĂȘ
697 _aIJ/GERAL
942 _cBK
999 _c162632
_d162632